Think like Zuck : (Record no. 356301)
[ view plain ]
| 000 -LEADER | |
|---|---|
| fixed length control field | 00360nam a2200109Ia 4500 |
| 008 - FIXED-LENGTH DATA ELEMENTS--GENERAL INFORMATION | |
| fixed length control field | 180315s9999 xx 000 0 und d |
| 020 ## - INTERNATIONAL STANDARD BOOK NUMBER | |
| International Standard Book Number | 9780071809498 |
| 100 ## - MAIN ENTRY--PERSONAL NAME | |
| Personal name | Walter, Ekaterina |
| 245 ## - TITLE STATEMENT | |
| Title | Think like Zuck : |
| Remainder of title | The five business secrets of Facebook's improbably brilliant CEO Mark Zuckerberg |
| 260 ## - PUBLICATION, DISTRIBUTION, ETC. (IMPRINT) | |
| Place of publication, distribution, etc | USA : |
| Name of publisher, distributor, etc | 2013 |
| Date of publication, distribution, etc | mcGrawHill |
| 300 ## - PHYSICAL DESCRIPTION | |
| Extent | ix, 197 pages |
No items available.